Score 0/30 Timer 10:00
0 Plays Today
% Correct
gun
90.3%
wife
88.4%
magic
85.6%
dragon
84.2%
fish
82.9%
worlds
82.4%
garlic
80.6%
conch
80.4%
dreams
79.8%
rabbits
76.8%
flood
76.6%
breakfast
75.3%
mirror
74.4%
grammar
74%
toilet
74%
% Correct
insect
73.7%
sun
73.6%
thoughtcrime
71.4%
idiots
71%
fool
68.3%
stones
67.1%
books
65.9%
slug
63.4%
watch
59.6%
lunchtime
55.1%
grave
53.4%
terror
53%
bus
48.4%
fence
47.6%
boat
34.8%
Remove Ads.
Support Sporcle.
Get the best of Sporcle when you Go Orange. This ad-free experience offers more features, more stats, and more fun while also helping to support Sporcle. Thank you for becoming a member.

You're not logged in!

Compare scores with friends on all Sporcle quizzes.
OR
Log In

Show Comments

Extras

Top Quizzes Today


Score Distribution

Your Account Isn't Verified!

In order to create a playlist on Sporcle, you need to verify the email address you used during registration. Go to your Sporcle Settings to finish the process.

Report this User

Report this user for behavior that violates our Community Guidelines.

Details: